000 01326cam a2200373 a 4500
001 EDZ0000159336
003 StDuBDS
005 20161031105250.0
006 m||||||||d||||||||
007 cr |||||||||||
008 130912s1998 cau fo| 001|0|eng d
020 _a9781483328270 (ebook) :
_cNo price
040 _aStDuBDS
_beng
_cStDuBDS
_epn
049 _aAlfaisal Main Library
050 0 _aLB2331
_b.C336 1998
082 0 4 _a378.12
_223
100 1 _aCarbone, Elisa Lynn.
245 1 0 _aTeaching large classes
_h[electronic resource] :
_btools and strategies /
_cElisa Carbone.
260 _aThousand Oaks, Calif. :
_bSAGE,
_cc1998.
300 _a1 online resource (xviii, 97 p.).
490 1 _aSurvival skills for scholars ;
_vv. 19
504 _aIncludes bibliographical references and index.
521 _aSpecialized.
588 _aDescription based on print version record.
650 0 _aCollege teaching
_zUnited States.
650 0 _aClass size
_zUnited States.
650 0 _aLecture method in teaching.
655 7 _aElectronic books.
_2local
710 2 _aSage eBooks
776 0 8 _iPrint version :
_z9780761909743
830 0 _aSurvival skills for scholars ;
_vv. 19.
856 4 0 _uhttp://ezproxy.alfaisal.edu/login?url=http://sk.sagepub.com/books/teaching-large-classes
942 _2lcc
_cEBOOKS
999 _c483051
_d483051